[Event "Mumbai SMCA op 1st"]
[Site "Mumbai"]
[Date "2024.10.16"]
[Round "8"]
[White "Akash, Wadhwani"]
[Black "Gada, Om"]
[Result "1/2-1/2"]
[WhiteElo "1707"]
[BlackElo "1807"]
[PlyCount "91"]
[EventDate "2024.10.11"]
[EventType "swiss"]
[EventRounds "8"]
[EventCountry "IND"]
[SourceTitle "CB43_2024"]
[Source "Chessbase"]
[SourceDate "2024.10.23"]
[SourceVersion "1"]
[SourceVersionDate "2024.10.23"]
[SourceQuality "1"]

1. d4 Nf6 2. c4 e6 3. Nc3 Bb4 4. Qc2 c5 5. e3 Nc6 6. Nf3 Bxc3+ 7. bxc3 d6 8. Bd3 0-0 9. 0-0 e5 10. Rb1 b6 11. h3 Qe7 12. Nd2 exd4 13. exd4 cxd4 14. Ne4 Nd7 15. Bf4 Nde5 16. Rfe1 Re8 17. Ng3 Qh4 18. Bd2 dxc3 19. Re4 Qd8 20. Bxc3 Be6 21. Rd1 Qc7 22. f4 Nxd3 23. Qxd3 Rad8 24. f5 Ne5 25. Qe3 Bd7 26. f6 Re6 27. Nh5 Bc6 28. Qg5 Ng6 29. Rxe6 fxe6 30. fxg7 e5 31. Bxe5 Nxe5 32. Nf6+ Kf7 33. g8Q+ Rxg8 34. Nxg8 Be4 35. Rf1+ Ke6 36. Qh6+ Bg6 37. Rf6+ Kd7 38. Qf8 Qc5+ 39. Kh2 Nxc4 40. Qe7+ Kc6 41. Re6 Ne5 42. Nf6 Qd4 43. Ng4 Qf4+ 44. Kg1 Qd4+ 45. Kh2 Qf4+ 46. Kg1 1/2-1/2